000 01297cam a2200289 4500
001 he 68001601
003 DLC
005 20260227111459.0
008 870219m19679999nyu b 000 0 hebr
010 _ahe 68001601
040 _aDLC
_cDLC
_dDLC
050 0 0 _aBM503.6
_b.R62 1967
100 1 _aRosen, Joseph,
_d1858-1936.
240 1 0 _aWorks.
_kSelections.
_f1967
245 1 0 _aTsafnat paʻneaḥ;
_bkelale ha-Torah ṿeha-mitsṿot,
_cme-et Yosef Rozin, ba-ʻarikhat Menaḥem M. Kasher.
260 _aNyu-Yorḳ,
_bMekhon "Tsafnat paʻneaḥ" 727-<5746 >
_c[1967-<1985 >
300 _av. <1-3 >
_c25 cm.
500 _aAdded t.p.: Zaphnath paneah; Revealer of the hidden ... Abstracts of Talmudic principles culled from the writings of Joseph Rosen. Arranged in alphabetical order with notes and references by the collegium of the Zaphnath Paneah Institut ...
500 _aVol. 2 published in Jerusalem.
500 _aVol. 3 published in Elizabeth, N.J., under the editorship of Pinchas M. Teitz.
504 _aIncludes bibliographical references.
630 0 0 _aTalmud
_xHermeneutics.
650 0 _aJewish law
_xInterpretation and construction.
700 1 _aKasher, Menahem,
_d1895-1983.
700 1 _aTeitz, Pinchas M.
_q(Pinchas Mordecai),
_d1908-
740 0 _aZaphnath paneah.
999 _c33350
_d33350